|
|
|
|
| LEADER |
00000nam a2200000 a 4500 |
| 001 |
UCK7868 |
| 003 |
CL-VaPUC |
| 008 |
051230e20030000CL |||||||||||||||||spa|d |
| 020 |
|
|
|a 9562403874
|
| 082 |
0 |
4 |
|a 372.83
|b CAR
|2 21
|
| 100 |
0 |
|
|a Cárcamo Sirguiado, Ulises
|e author
|9 497544
|
| 700 |
0 |
|
|a Valpuesta Arístegui, Raúl
|e author
|9 497545
|
| 245 |
1 |
0 |
|a Estudio y comprensión de la sociedad 5º básico: texto para el estudiante
|
| 250 |
|
|
|a 1a. ed
|
| 300 |
|
|
|a 180 p
|
| 942 |
|
|
|c BK
|
| 945 |
|
|
|d 20051230 00:00:00
|a cmena
|
| 260 |
|
|
|a Santiago
|b Arrayán
|c 2003
|
| 650 |
|
0 |
|a Educación básica
|9 224933
|
| 650 |
|
0 |
|a Educación cívica
|9 314665
|
| 650 |
|
0 |
|a Métodos de enseñanza
|9 270413
|
| 650 |
|
0 |
|a Libros de texto
|9 270019
|
| 650 |
|
0 |
|a Enseñanza de la geografía
|9 310005
|
| 650 |
|
0 |
|a Desarrollo social
|9 264534
|
| 650 |
|
0 |
|a Enseñanza de la historia
|9 307330
|
| 583 |
|
|
|a last modification
|c 20180314 11:21:17
|k Rodrigo Vera
|
| 999 |
|
|
|c 315706
|d 315704
|
| 952 |
|
|
|0 0
|1 0
|4 0
|6 372_830000000000000_CAR_2003
|7 0
|8 P
|9 389321
|a BIBEDU
|b BIBEDU
|d 2019-11-22
|i 4195353
|o 372.83 CAR 2003
|p 4195353
|r 2019-11-22
|w 2019-11-22
|y BK
|k EBA
|
| 952 |
|
|
|0 0
|1 0
|4 0
|6 372_830000000000000_CAR_2003
|7 0
|8 P
|9 389322
|a BIBEDU
|b BIBEDU
|d 2019-11-22
|i 4250524
|o 372.83 CAR 2003
|p 4250524
|r 2019-11-22
|w 2019-11-22
|y BK
|k EBA
|
| 952 |
|
|
|0 0
|1 0
|4 0
|6 372_830000000000000_CAR_2003
|7 0
|8 P
|9 389323
|a BIBEDU
|b BIBEDU
|c BIBEDU_PB
|d 2019-11-22
|i 4250532
|o 372.83 CAR 2003
|p 4250532
|r 2024-01-25
|w 2019-11-22
|y BK
|k EBA
|
| 952 |
|
|
|0 0
|1 0
|4 0
|6 372_830000000000000_CAR_2003
|7 0
|8 P
|9 389324
|a BIBEDU
|b BIBEDU
|c BIBEDU_PB
|d 2019-11-22
|i 4250540
|o 372.83 CAR 2003
|p 4250540
|r 2024-01-25
|w 2019-11-22
|y BK
|k EBA
|
| 952 |
|
|
|0 0
|1 0
|4 0
|6 372_830000000000000_CAR_2003
|7 0
|8 P
|9 389325
|a BIBEDU
|b BIBEDU
|d 2019-11-22
|i 4250559
|o 372.83 CAR 2003
|p 4250559
|r 2019-11-22
|w 2019-11-22
|y BK
|k EBA
|